000 00528nam a2200205Ia 4500
003 0100
008 130227s9999 xx 000 0 und d
040 _cARRUPELIB
050 _aHM51.W396 1971
100 _aWeber, Max
245 _aMax Weber: The Interpretation of Social Reality
260 _aLondon
260 _bMichael Joseph
260 _C1971
300 _aix
300 _b 302p. :22cm.
650 _bJoyce, James, 1882-1941- Biography
650 _cNovelists, Irish-20th century- Biography
942 _2lcc
_01
999 _c6605
_d6605